[Event "Wch Amateurs U1700"]
[Site "Rhodes"]
[Date "2024.11.01"]
[Round "6"]
[White "Pathak, Anshu Kr"]
[Black "Kasiotis, Emmanouil"]
[Result "1-0"]
[WhiteElo "1642"]
[BlackElo "1605"]
[PlyCount "69"]
[EventDate "2024.10.27"]
[EventType "swiss"]
[EventRounds "9"]
[EventCountry "GRE"]
[SourceTitle "CB45_2024"]
[Source "ChessBase"]
[SourceDate "2024.11.06"]
[SourceVersion "1"]
[SourceVersionDate "2024.11.06"]
[SourceQuality "1"]

1. e4 c5 2. Nc3 e6 3. f4 Nf6 4. Nf3 d5 5. e5 Nfd7 6. f5 Be7 7. Bb5 a6 8. Bxd7+ Bxd7 9. 0-0 0-0 10. d3 Bc6 11. f6 gxf6 12. Bh6 Re8 13. Qe1 Kh8 14. Qh4 Rg8 15. Qh5 Rg6 16. exf6 Bxf6 17. Ne5 Bxe5 18. Qxe5+ f6 19. Qh5 Qg8 20. Rf2 f5 21. Ne2 Nd7 22. h3 e5 23. Kh1 d4 24. Rg1 f4 25. Nxf4 exf4 26. Bxf4 Re8 27. Kh2 Re1 28. Qxg6 hxg6 29. Rxe1 Qxa2 30. Re8+ Kg7 31. Re7+ Kf6 32. Bd6+ Kg5 33. Rh7 Qd5 34. h4+ Kg4 35. Rf4# 1-0